| 000 | 00607nam a2200205 i 4500 | ||
|---|---|---|---|
| 001 | 110601 | ||
| 003 | ES-MaACL | ||
| 005 | 20230906185112.0 | ||
| 007 | t| | ||
| 008 | 070206s1923 sp ||||1| spa d | ||
| 080 | _a821.134.2(729.1)-32"19" | ||
| 100 | 1 |
_aHernández Catá, Alfonso, _d1885-1940 _962908 |
|
| 245 | 1 | 3 |
_aLa piel : _bnovela / _cpor A. Hernández Catá. |
| 260 |
_a[Madrid : _bLa Novela Corta, _c1923] |
||
| 300 |
_a[32] p. ; _c20 cm. |
||
| 490 | 1 |
_aLa novela corta ; _v386 |
|
| 830 | 1 |
_aLa novela corta ; _v386 _9182142 |
|
| 852 | 4 |
_aES-MaACL _j2213-F-15 |
|
| 999 |
_c110601 _d110601 |
||